[Event "RUS-Cup02"]
[Site "Moscow"]
[Date "1998.??.??"]
[Round "8"]
[White "Gelman, Alexander"]
[Black "Ivanov, Mikhail Y"]
[Result "1-0"]
[WhiteElo "2440"]
[BlackElo "2230"]
[PlyCount "129"]
[EventDate "1998.01.21"]
[EventType "swiss"]
[EventRounds "9"]
[EventCountry "RUS"]
[SourceTitle "EXT 1999"]
[Source "ChessBase"]
[SourceDate "1998.11.16"]
[SourceVersion "1"]
[SourceVersionDate "1998.11.16"]
[SourceQuality "1"]

1. e4 e6 2. d3 d5 3. Nd2 Nf6 4. Ngf3 c5 5. g3 Nc6 6. Bg2 Be7 7. 0-0 0-0 8. Re1 b6 9. e5 Nd7 10. Nf1 b5 11. h4 a5 12. Bf4 Ba6 13. N1h2 b4 14. Ng4 a4 15. a3 bxa3 16. Rxa3 c4 17. d4 Qa5 18. Bd2 Qb6 19. Bc3 Bb5 20. Ng5 Na7 21. Ne3 h6 22. Qh5 Bc6 23. Ng4 hxg5 24. hxg5 Nb5 25. Bf3 Nxd4 26. Bxd4 Qxd4 27. Kg2 Bxg5 28. Qxg5 f6 29. exf6 Nxf6 30. Nh6+ Kh8 31. Rh1 Nh7 32. Nf7+ Rxf7 33. Qg6 Kg8 34. Qxh7+ Kf8 35. Re3 Qf6 36. Rh4 e5 37. Rf4 Qg5 38. Rxf7+ Kxf7 39. Bh5+ Ke7 40. f4 d4+ 41. Kg1 Qf6 42. Rxe5+ Kd6 43. Rg5 Qf8 44. Rxg7 Kc5 45. Rc7 Ra6 46. Bf3 Qd6 47. Qf5+ Kb4 48. Bxc6 Rxc6 49. Rd7 Qc5 50. Rd5 Qb6 51. Qf8+ Rc5 52. Rd8 Qc7 53. Rxd4 a3 54. bxa3+ Kc3 55. Qf6 Kxc2 56. Qg6+ Kc1 57. Qe4 Qa5 58. Rxc4+ Rxc4 59. Qxc4+ Kd1 60. Qd3+ Ke1 61. Qe3+ Kd1 62. g4 Qd5 63. Kf2 Qd7 64. f5 Qd6 65. Kf3 1-0

[Event "RUS-Cup02"]
[Site "Moscow"]
[Date "1998.??.??"]
[Round "7"]
[White "Ivanov, Mikhail Y"]
[Black "Donchenko, Anatoly G"]
[Result "1-0"]
[WhiteElo "2230"]
[BlackElo "2385"]
[PlyCount "78"]
[EventDate "1998.01.21"]
[EventType "swiss"]
[EventRounds "9"]
[EventCountry "RUS"]
[SourceTitle "EXT 1999"]
[Source "ChessBase"]
[SourceDate "1998.11.16"]
[SourceVersion "1"]
[SourceVersionDate "1998.11.16"]
[SourceQuality "1"]

1. e4 c5 2. Nf3 d6 3. d4 cxd4 4. Nxd4 Nf6 5. Nc3 a6 6. Bc4 e6 7. Bb3 b5 8. 0-0 b4 9. Na4 Bd7 10. Re1 Nc6 11. c3 bxc3 12. Nxc3 Be7 13. Nxc6 Bxc6 14. Bf4 0-0 15. Rc1 Qd7 16. Qe2 Qb7 17. f3 a5 18. Na4 Rfc8 19. Be3 Bb5 20. Qf2 Nd7 21. Rxc8+ Rxc8 22. Qd2 d5 23. Nc3 dxe4 24. Nxe4 Bb4 25. Nc3 a4 26. Bc2 a3 27. Qd4 Rc4 28. Qd1 axb2 29. Nxb5 Bxe1 30. Nd6 Bf2+ 31. Kf1 Qa6 32. Nxc4 Bxe3 33. Qd3 Nf8 34. Nxe3 Qxa2 35. Bb1 Qa5 36. Nd1 h5 37. h3 Qg5 38. Nxb2 Qc1+ 39. Nd1 f5 1-0

[Event "RUS-Cup02"]
[Site "Moscow"]
[Date "1998.??.??"]
[Round "5"]
[White "Ivanov, Mikhail Y"]
[Black "Kulikov, Aleksandr"]
[Result "1-0"]
[WhiteElo "2230"]
[BlackElo "2395"]
[PlyCount "83"]
[EventDate "1998.01.21"]
[EventType "swiss"]
[EventRounds "9"]
[EventCountry "RUS"]
[SourceTitle "EXT 1999"]
[Source "ChessBase"]
[SourceDate "1998.11.16"]
[SourceVersion "1"]
[SourceVersionDate "1998.11.16"]
[SourceQuality "1"]

1. e4 c6 2. Nc3 d5 3. Nf3 Bg4 4. h3 Bxf3 5. Qxf3 e6 6. d3 Nf6 7. a3 Qb6 8. g4 Bd6 9. h4 Nbd7 10. Bh3 Ng8 11. 0-0 Ne7 12. h5 h6 13. Rb1 g5 14. Bd2 Ne5 15. Qe2 0-0-0 16. b4 f5 17. Na4 Qa6 18. Nc5 Bxc5 19. exf5 Bd6 20. Bc3 Nd7 21. Bxh8 Rxh8 22. Qxe6 Kc7 23. c4 c5 24. d4 Nf8 25. Qf7 b6 26. bxc5 bxc5 27. dxc5 Bxc5 28. f6 Qe6 29. Qxe6 Nxe6 30. fxe7 Nf4 31. Bg2 dxc4 32. Rfe1 Re8 33. Rb7+ Kd6 34. Bf1 Kc6 35. Rbb1 Rxe7 36. Rxe7 Bxe7 37. Bxc4 Bxa3 38. Rb8 Kc5 39. Ba6 Kd4 40. Rh8 Ke4 41. Bb7+ Kd3 42. Kf1 1-0

[Event "Moscow-ch op"]
[Site "Moscow"]
[Date "1998.??.??"]
[Round "1"]
[White "Ivanov, Mikhail Y"]
[Black "Ulko, Jaroslav"]
[Result "0-1"]
[WhiteElo "2230"]
[BlackElo "2420"]
[PlyCount "84"]
[EventDate "1998.??.??"]
[EventType "swiss"]
[EventRounds "9"]
[EventCountry "RUS"]
[SourceTitle "EXT 2000"]
[Source "ChessBase"]
[SourceDate "1999.11.16"]
[SourceVersion "1"]
[SourceVersionDate "1999.11.16"]
[SourceQuality "1"]

1. e4 d5 2. exd5 Nf6 3. d4 Bg4 4. Nf3 Qxd5 5. Be2 Nc6 6. c4 Qf5 7. Be3 0-0-0 8. 0-0 e5 9. d5 e4 10. Nd4 Nxd4 11. Bxd4 Bxe2 12. Qxe2 Bd6 13. Nc3 Rde8 14. h3 h5 15. Nb5 a6 16. Nxd6+ cxd6 17. Qe3 Rh6 18. f3 Rg6 19. fxe4 Qxe4 20. Qxe4 Rxe4 21. Bxf6 gxf6 22. b3 Re3 23. Kf2 Reg3 24. Rg1 h4 25. Rae1 R6g5 26. Re3 Rf5+ 27. Ke2 Re5 28. Rxe5 fxe5 29. Kf2 f5 30. Re1 f4 31. c5 Kd7 32. Re4 Rd3 33. Rb4 Rxd5 34. Rxb7+ Kc6 35. Rb6+ Kxc5 36. Rxa6 Rd2+ 37. Kf3 d5 38. Rh6 Rxa2 39. Rxh4 Ra3 40. Rh8 Rxb3+ 41. Kf2 Kd4 42. h4 e4 0-1

[Event "Le Touquet op 11th"]
[Site "Le Touquet"]
[Date "1996.??.??"]
[Round "?"]
[White "Bernard, Christophe"]
[Black "Ivanov, Mikhail Y"]
[Result "1/2-1/2"]
[WhiteElo "2405"]
[BlackElo "2260"]
[PlyCount "45"]
[EventDate "1996.10.??"]
[EventType "swiss"]
[EventRounds "9"]
[EventCountry "FRA"]
[SourceTitle "EXT 1999"]
[Source "ChessBase"]
[SourceDate "1998.11.16"]
[SourceVersion "1"]
[SourceVersionDate "1998.11.16"]
[SourceQuality "1"]

1. d4 Nf6 2. Nf3 g6 3. c4 Bg7 4. Nc3 0-0 5. e4 d6 6. Be2 e5 7. 0-0 Nc6 8. d5 Ne7 9. Nd2 a5 10. a3 Bd7 11. b3 c6 12. Bb2 c5 13. Nb5 Ne8 14. Qc2 f5 15. f4 exf4 16. Bxg7 Kxg7 17. Rxf4 Ng8 18. exf5 Rxf5 19. Rxf5 Bxf5 20. Bd3 Nh6 21. Re1 Bd7 22. Qc3+ Kg8 23. Nf3 1/2-1/2

[Event "Moscow op2"]
[Site "Moscow"]
[Date "1995.??.??"]
[Round "5"]
[White "Ivanov, Mikhail Y"]
[Black "Isupov, Vladimir"]
[Result "1/2-1/2"]
[WhiteElo "2280"]
[BlackElo "2380"]
[PlyCount "52"]
[EventDate "1995.11.??"]
[EventType "swiss"]
[EventRounds "9"]
[EventCountry "RUS"]
[SourceTitle "EXT 1998"]
[Source "ChessBase"]
[SourceDate "1997.11.17"]
[SourceVersion "1"]
[SourceVersionDate "1997.11.17"]
[SourceQuality "1"]

1. d4 Nf6 2. Nf3 g6 3. c4 Bg7 4. Nc3 0-0 5. e4 d6 6. Be2 e5 7. d5 a5 8. Bg5 h6 9. Bh4 Na6 10. Nd2 Bd7 11. 0-0 Qe8 12. f3 Nh7 13. Kh1 h5 14. b3 Bf6 15. Bf2 h4 16. a3 Bg5 17. Qc2 Qe7 18. Rab1 Bf4 19. Rfd1 Qg5 20. Nf1 f5 21. b4 axb4 22. axb4 Nf6 23. Bd3 Rac8 24. Qe2 Kg7 25. c5 Nb8 26. Ra1 Rh8 1/2-1/2

[Event "Moscow op2"]
[Site "Moscow"]
[Date "1995.??.??"]
[Round "3"]
[White "Ivanov, Mikhail Y"]
[Black "Itkis, Boris"]
[Result "0-1"]
[WhiteElo "2280"]
[BlackElo "2470"]
[PlyCount "92"]
[EventDate "1995.11.??"]
[EventType "swiss"]
[EventRounds "9"]
[EventCountry "RUS"]
[SourceTitle "CBM 050 Extra"]
[Source "ChessBase"]
[SourceDate "1996.03.01"]
[SourceVersion "1"]
[SourceVersionDate "1996.03.01"]
[SourceQuality "1"]

1. d4 Nf6 2. Nf3 g6 3. c4 Bg7 4. Nc3 0-0 5. Bg5 d6 6. e3 c5 7. Be2 h6 8. Bh4 g5 9. Bg3 Nh5 10. 0-0 g4 11. Ne1 cxd4 12. exd4 Nxg3 13. hxg3 h5 14. Qd2 Nc6 15. d5 Nd4 16. Nd3 e5 17. dxe6 fxe6 18. Nf4 Qg5 19. Ne4 Qh6 20. Bd3 h4 21. Ne2 Qxd2 22. Nxd2 Nxe2+ 23. Bxe2 hxg3 24. fxg3 Bxb2 25. Rxf8+ Kxf8 26. Rf1+ Ke7 27. Bxg4 Bd7 28. Rf3 Bc6 29. Rb3 Bd4+ 30. Kf1 Rg8 31. Bf3 Bb6 32. g4 Rg5 33. Ke2 Ra5 34. a3 Re5+ 35. Kf1 Re3 36. Rxe3 Bxe3 37. Ke2 Bxd2 38. Kxd2 Kf6 39. Ke3 Kg5 40. Kd4 Kf4 41. Kd3 e5 42. Kc3 a5 43. Kb2 e4 44. Bd1 e3 45. Kc3 Bxg2 46. Kd3 Be4+ 0-1

[Event "Moscow op2"]
[Site "Moscow"]
[Date "1995.??.??"]
[Round "1"]
[White "Ivanov, Mikhail Y"]
[Black "Stripunsky, Alexander"]
[Result "1/2-1/2"]
[WhiteElo "2295"]
[BlackElo "2495"]
[PlyCount "80"]
[EventDate "1995.11.??"]
[EventType "swiss"]
[EventRounds "9"]
[EventCountry "RUS"]
[SourceTitle "CBM 050 Extra"]
[Source "ChessBase"]
[SourceDate "1996.03.01"]
[SourceVersion "1"]
[SourceVersionDate "1996.03.01"]
[SourceQuality "1"]

1. d4 d5 2. c4 c6 3. e3 Nf6 4. Nf3 Bf5 5. Bd3 Bxd3 6. Qxd3 e6 7. Nc3 Nbd7 8. 0-0 Be7 9. e4 dxe4 10. Nxe4 Nxe4 11. Qxe4 0-0 12. Bf4 Qa5 13. b3 Rfd8 14. Rfd1 Nf8 15. Rd3 Ng6 16. Bd2 Bb4 17. Bxb4 Qxb4 18. Rad1 Qa5 19. a4 h6 20. Ne5 Nxe5 21. Qxe5 Qb4 22. Rg3 Qf8 23. Rdd3 g6 24. h4 Qg7 25. h5 Qxe5 26. dxe5 Rxd3 27. Rxd3 gxh5 28. Rd7 b5 29. a5 bxc4 30. bxc4 Rb8 31. Rxa7 Rb4 32. a6 Rxc4 33. Rc7 Rc1+ 34. Kh2 Kg7 35. a7 Ra1 36. Kg3 Ra3+ 37. Kf4 h4 38. Ke4 c5 39. f4 Kg6 40. Rb7 c4 1/2-1/2